The method of normal forms /

Bibliographic Details
Main Author: Nayfeh, Ali Hasan, 1933-
Format: eBook
Language:English
Published: Weinheim : Wiley-VCH, [2011]
Edition:2nd updated and enl. ed.
Series:Wiley online library.
Subjects:
Online Access:Connect to the full text of this electronic book

MARC

Tag First Indicator Second Indicator Subfields
LEADER 00000cam a2200000Ka 4500
001 in00002733821
005 20210727160000.0
006 m d
007 cr cn|||||||||
008 110823s2011 gw a ob 001 0 eng d
020 |a 3527635807 (electronic bk.) 
020 |a 9783527635801 (electronic bk.) 
035 |a (OCoLC)747545876 
035 |a (OCoLC)ocn747545876 
035 |a 3926293 
037 |a 10.1002/9783527635801  |b Wiley InterScience  |n http://www3.interscience.wiley.com 
040 |a DG1  |b eng  |c DG1  |d TXA  |d UtOrBLW 
049 |a TXAM 
050 4 |a QA371  |b .N39 2011 
082 0 4 |a 512.944  |2 23 
090 |a QA371  |b .N328 2011eb 
100 1 |a Nayfeh, Ali Hasan,  |d 1933-  |0 http://id.loc.gov/authorities/names/n80057092 
245 1 4 |a The method of normal forms /  |c Ali Hasan Nayfeh. 
250 |a 2nd updated and enl. ed. 
264 1 |a Weinheim :  |b Wiley-VCH,  |c [2011] 
264 4 |c ©2011 
300 |a 1 online resource (xii, 329 pages) :  |b illustrations 
336 |a text  |b txt  |2 rdacontent 
337 |a computer  |b c  |2 rdamedia 
338 |a online resource  |b cr  |2 rdacarrier 
500 |a Electronic resource. 
504 |a Includes bibliographical references and index. 
505 0 |a SDOF Autonomous Systems -- Systems of First-Order Equations -- Maps -- Bifurcations of Continuous Systems -- Forced Oscillations of the Duffing Oscillator -- Forced Oscillations of SDOF Systems -- Parametrically Excited Systems -- MDOF Systems with Quadratic Nonlinearities -- TDOF Systems with Cubic Nonlinearities -- Systems with Quadratic and Cubic Nonlinearities -- Retarded Systems. 
588 |a Description based on print version record. 
650 0 |a Differential equations  |x Numerical solutions.  |0 http://id.loc.gov/authorities/subjects/sh85037893 
650 0 |a Normal forms (Mathematics)  |0 http://id.loc.gov/authorities/subjects/sh85092418 
655 7 |a Electronic books.  |2 local 
776 0 8 |i Print version:  |a Nayfeh, Ali Hasan, 1933-  |t Method of normal forms.  |b 2nd updated and enl. ed.  |d Weinheim : Wiley-VCH, c2011  |z 9783527410972  |w (OCoLC)747194658 
830 0 |a Wiley online library. 
856 4 0 |u http://proxy.library.tamu.edu/login?url=https://dx.doi.org/10.1002/9783527635801  |z Connect to the full text of this electronic book  |t 0 
948 |a cataloged  |b h  |c 2011/10/10  |d c  |e jlanham  |f 9:55:22 am 
994 |a C0  |b TXA 
999 |a MARS 
999 f f |s bf672c1d-bc94-35c2-b521-d0f6d749e8ab  |i b4420448-ac85-3237-80e0-1edabd6a4750  |t 0 
952 f f |a Texas A&M University  |b College Station  |c Electronic Resources  |d Available Online  |t 0  |e QA371 .N328 2011eb  |h Library of Congress classification 
998 f f |a QA371 .N328 2011eb  |t 0  |l Available Online